| 000 | 00410nam a2200169Ia 4500 | ||
|---|---|---|---|
| 008 | 230524s9999 xx 000 0 und d | ||
| 020 | _a9781473605176 | ||
| 082 | _bTEN | ||
| 100 |
_aSachin Tendulkar _941800 |
||
| 245 | 0 | _aSachin Tendulkar Playing It My Way | |
| 250 | _a1 | ||
| 260 |
_aLondon _bHodder _c2014 |
||
| 300 | _a486p; | ||
| 500 | _aQuantity Number: 1 | ||
| 650 | _aMisalliance | ||
| 942 | _cBK | ||
| 999 |
_c56222 _d56222 |
||